| 000 | 00978nam a2200337Ia 4500 | ||
|---|---|---|---|
| 003 | OSt | ||
| 005 | 20220912144622.0 | ||
| 006 | a|||||r|||| 00| 0 | ||
| 007 | ta | ||
| 008 | 220909b |||||||| |||| 00| 0 eng d | ||
| 020 | _a9781107034266 (hbk) | ||
| 020 | _aSL01561304 | ||
| 024 | _a190542 | ||
| 037 | _b1418, 21/03/2014, New India Book Agency | ||
| 037 | _cTextbook | ||
| 040 |
_aCSL _beng _cCSL |
||
| 041 | _aeng | ||
| 082 | _aC9B36, Q3;1 | ||
| 100 | _aThomson Mark | ||
| 245 | 0 | _aModern particle physics | |
| 260 |
_aNew York _bCambridge University Press _c2013 |
||
| 300 | _axvi, 554p. ill. | ||
| 500 | _aReferences 543-544p.; Index 546-554p. | ||
| 650 | _a Collider experiments | ||
| 650 | _a Differential cross sections | ||
| 650 | _a Fermi golden rule | ||
| 650 | _aPhysics | ||
| 700 | _aThomson Mark | ||
| 942 |
_hC9B36, Q3;1 _cTB _2CC |
||
| 999 |
_c13749 _d13749 |
||